[Event "Bruges op-B"]
[Site "Bruges"]
[Date "2022.08.13"]
[Round "1"]
[White "Dewever, Niel"]
[Black "Groffils, Leonard"]
[Result "1/2-1/2"]
[WhiteElo "1736"]
[BlackElo "1382"]
[PlyCount "122"]
[EventDate "2022.08.13"]
[EventType "swiss"]
[EventRounds "9"]
[EventCountry "BEL"]
[SourceTitle "CBM 209 Extra"]
[Source "ChessBase"]
[SourceDate "2022.09.30"]
[SourceVersion "1"]
[SourceVersionDate "2022.09.30"]
[SourceQuality "1"]

1. e4 d5 2. exd5 Nf6 3. d4 Nxd5 4. Nf3 Bf5 5. Bd3 Bg6 6. c3 e6 7. 0-0 Be7 8. Re1 Bxd3 9. Qxd3 0-0 10. Nbd2 Nd7 11. Ne4 N5f6 12. Bf4 c5 13. dxc5 Nxc5 14. Nxf6+ Bxf6 15. Qc2 Qe7 16. Rad1 Rfd8 17. b4 Na6 18. a3 Rxd1 19. Rxd1 Rc8 20. c4 Rd8 21. Ne5 Rxd1+ 22. Qxd1 Qd8 23. Qd3 Qd7 24. Qxd7 Be7 25. Qd8+ Bxd8 26. Nd3 f6 27. Bd6 Kf7 28. b5 Nc7 29. Nc5 b6 30. Nb7 Ke8 31. Nxd8 Kxd8 32. f4 Kd7 33. Bf8 g6 34. Kf2 Ke8 35. Bb4 Kd7 36. Bc3 f5 37. Ke3 Ne8 38. Be5 Nd6 39. Bxd6 Kxd6 40. Kd4 h6 41. h4 e5+ 42. fxe5+ Ke6 43. a4 g5 44. hxg5 hxg5 45. g3 f4 46. gxf4 gxf4 47. Ke4 f3 48. Kxf3 Kxe5 49. Ke3 Ke6 50. Ke4 Kd6 51. Kd4 Kc7 52. c5 bxc5+ 53. Kxc5 Kb7 54. a5 Kc7 55. Kd5 Kb7 56. Kd6 Kb8 57. Kd5 Kb7 58. Kc5 Kc7 59. a6 Kb8 60. Kc6 Ka8 61. Kd7 Kb8 1/2-1/2